| 000 | 00964nam a2200205Ia 4500 | ||
|---|---|---|---|
| 999 |
_c36250 _d36250 |
||
| 001 | 2154 | ||
| 003 | GE_BSU | ||
| 005 | 20190515164314.0 | ||
| 008 | 181216s1986||||ge |||||||||||||| ||geo|| | ||
| 040 | _cGE_BSU | ||
| 041 | _ageo | ||
| 080 | _a811.353.1-26 თ–26 | ||
| 245 |
_aთანამედროვე ქართული სალიტერატურო ენის ნორმები : _bკრებ. 1 / _cსაქ. სსრ მეცნ. აკადემია ; ენათმეცნიერების ინ-ტი. |
||
| 264 |
_aთბილისი : _bმეცნიერება, _c1986. |
||
| 300 |
_a292 გვ.; _b21 სმ. |
||
| 653 | _aქართული ენა | ||
| 653 | _aქართული სალიტერატურო ენა | ||
| 710 |
_aსაქ. სსრ მეცნ. აკადემია _bენათმეცნიერების ინ-ტი _91180 |
||
| 942 |
_cBK _2udc |
||